[Event "Championnat de France des Jeunes - Cadet"]
[Site "LE GRAND BORNAND"]
[Date "2007.04.08"]
[Round "1.14"]
[White "Ravot, Cyril"]
[Black "Lamberti, Hugo"]
[Result "0-1"]
[WhiteElo "1810"]
[BlackElo "2078"]
[PlyCount "132"]

1. e4 c5 2. Nc3 Nc6 3. g3 g6 4. Bg2 Bg7 5. d3 d6 6. Nge2 e6 7. Be3 Nge7 8. Qc1
Nd4 9. O-O O-O 10. Bxd4 cxd4 11. Nd1 Nc6 12. Qd2 Bd7 13. c3 Qa5 14. Qe1 Rac8
15. Nxd4 Nxd4 16. cxd4 Qxe1 17. Rxe1 Bxd4 18. Re2 Rc7 19. Ne3 Bb5 20. Rd2 Rfc8
21. Kf1 a5 22. Rad1 a4 23. Bf3 Kf8 24. Be2 f5 25. Nc4 Ke7 26. b3 d5 27. exd5
exd5 28. Na3 Bd7 29. bxa4 Bxa4 30. Rb1 Bc3 31. Bd1 Bxd2 32. Bxa4 Rc1+ 33. Rxc1
Rxc1+ 34. Ke2 Ba5 35. Nc2 Kd6 36. Bb3 Bb6 37. Kf3 Rf1 38. d4 Rd1 39. Bxd5 Rd2
40. Ne3 Rxd4 41. Bg8 Ke7 42. Bd5 Rd3 43. Bxb7 Bxe3 44. fxe3 Rd2 45. a4 Ra2 46.
Bc6 Rxh2 47. a5 Ra2 48. Kf4 Kf6 49. e4 Rxa5 50. exf5 Rxf5+ 51. Kg4 h5+ 52. Kh4
Rc5 53. Bd7 Rc4+ 54. Kh3 Kg5 55. Be6 Re4 56. Bd5 Rd4 57. Be6 h4 58. gxh4+ Rxh4+
59. Kg3 Rd4 60. Bc8 Rd3+ 61. Kf2 Kf4 62. Ba6 Rd2+ 63. Ke1 Rb2 64. Kf1 g5 65.
Kg1 Kg3 66. Bd3 Rd2 0-1

[Event "Championnat de France des Jeunes - Cadet"]
[Site "LE GRAND BORNAND"]
[Date "2007.04.08"]
[Round "1.15"]
[White "Berthier, Hugo"]
[Black "Dubois, Pierre"]
[Result "1-0"]
[WhiteElo "2076"]
[BlackElo "1800"]
[PlyCount "85"]

1. Nf3 d5 2. d4 e6 3. c4 Nf6 4. Nc3 c6 5. Bg5 Nbd7 6. e3 Bb4 7. cxd5 exd5 8.
Nd2 Qc7 9. Be2 O-O 10. Bf4 Bd6 11. Bg3 Re8 12. Rc1 Nf8 13. Nb5 Qd8 14. Nxd6 Re7
15. Nxc8 Qxc8 16. O-O Ng6 17. Re1 Qf5 18. Qc2 Qxc2 19. Rxc2 Rae8 20. Nf3 Ne4
21. Bd3 Nxg3 22. hxg3 f6 23. Rce2 Kf7 24. Bxg6+ Kxg6 25. Nd2 Kf5 26. e4+ dxe4
27. Rxe4 Rxe4 28. g4+ Kxg4 29. Rxe4+ Rxe4 30. Nxe4 Kf4 31. Nc5 b6 32. Ne6+ Ke4
33. Nxg7 Kxd4 34. g4 c5 35. Nh5 Ke5 36. Kg2 b5 37. f4+ Ke6 38. Kf3 a5 39. Ke4
c4 40. f5+ Kf7 41. Kd4 a4 42. a3 b4 43. Kxc4 1-0

[Event "Championnat de France des Jeunes - Cadettes"]
[Site "LE GRAND BORNAND"]
[Date "2007.04.08"]
[Round "1.1"]
[White "Cheype, Marie"]
[Black "Benmesbah, Natacha"]
[Result "0-1"]
[WhiteElo "1847"]
[BlackElo "2196"]
[Annotator ""]

1. e4 c5 2. Nf3 d6 3. d4 cxd4 4. Nxd4 Nf6 5. Nc3 g6 6. f3 Bg7 7. Be3
O-O 8. Qd2 Nc6 9. Bc4 Bd7 10. O-O-O Rc8 11. Bb3 Ne5 12. h4 h5 13. Bg5
Rc5 14. g4 hxg4 15. Bxf6 Bxf6 16. h5 gxf3 17. hxg6 Nxg6 18. Rdg1 e6
19. Nxf3 Bg7 20. Qxd6 Qc7 21. Qxc7 Rxc7 22. Nh4 Nxh4 23. Rxh4 f6 24.
Rhg4 Rf7 25. Ne2 Kf8 26. Nd4 Bh6+ 27. Kb1 Ke7 28. R4g2 Be3 29. Rd1 Rh7
30. Re2 Bxd4 0-1

[Event "Championnat de France des Jeunes - Cadet"]
[Site "LE GRAND BORNAND"]
[Date "2007.04.08"]
[Round "1.2"]
[White "Congiu, Mathilde"]
[Black "Belloc, Sidonie"]
[Result "1-0"]
[WhiteElo "2125"]
[BlackElo "1789"]
[PlyCount "125"]

1. e4 e6 2. d3 d5 3. Qe2 c6 4. Nf3 Qc7 5. g3 dxe4 6. dxe4 e5 7. Bg2 Nf6 8. O-O
Be7 9. b3 O-O 10. h3 b6 11. Bb2 Nbd7 12. Re1 Bb7 13. c4 Rfe8 14. Bc3 a5 15. Qb2
Bd6 16. Nbd2 Nc5 17. Qc2 Rad8 18. a3 Na6 19. Nf1 b5 20. Bb2 Nc5 21. b4 axb4 22.
axb4 Ncd7 23. c5 Bf8 24. g4 h6 25. Ng3 g6 26. Qb3 Bg7 27. Red1 Nh7 28. Rd6 Ndf8
29. Rad1 Rxd6 30. Rxd6 Bc8 31. Qd1 Nd7 32. Qa1 Bf6 33. Rd3 Bg7 34. Nf1 Bb7 35.
Qd1 Bc8 36. N1d2 f6 37. Nh4 Nhf8 38. Nb3 Nb8 39. Na5 Be6 40. Rd6 Bd7 41. Bc1
Kh7 42. f4 Na6 43. Qb3 Be6 44. Qc3 Nb8 45. f5 Bf7 46. Qd2 g5 47. Nf3 Kg8 48. h4
Nh7 49. hxg5 hxg5 50. Bf1 Bf8 51. Rd3 Be7 52. Bb2 Rd8 53. Qc3 Rxd3 54. Bxd3 Qd7
55. Nxe5 Qe8 56. Nxf7 Qxf7 57. Bc2 Kg7 58. Qg3 Qe8 59. e5 Na6 60. Bc3 Qd7 61.
Qf3 Nb8 62. e6 Qc7 63. Be4 1-0

[Event "Championnat de France des Jeunes - Cadet"]
[Site "LE GRAND BORNAND"]
[Date "2007.04.08"]
[Round "1.3"]
[White "Revidon, Laetitia"]
[Black "Bismuth, Lea"]
[Result "0-1"]
[WhiteElo "1774"]
[BlackElo "1944"]
[PlyCount "138"]
[EventDate "2007.??.??"]

1. e4 d5 2. exd5 Qxd5 3. Nc3 Qd6 4. Nf3 Nf6 5. Bc4 a6 6. d3 Nc6 7. h3 e5 8. Ng5
Nd8 9. Nce4 Nxe4 10. Nxe4 Qg6 11. Qf3 Be6 12. Bxe6 Nxe6 13. c3 O-O-O 14. O-O
Nc5 15. Nxc5 Bxc5 16. Rd1 Rd6 17. Be3 Bb6 18. Bxb6 Rxb6 19. Rd2 Rd8 20. Rad1
Qe6 21. a3 f5 22. Re1 Rbd6 23. Qe3 e4 24. Qa7 Qb3 25. Qc5 g6 26. d4 Qe6 27. Qa5
Rd5 28. Qa4 Qf6 29. Qc4 c5 30. b4 b5 31. Qa2 cxd4 32. cxd4 Rxd4 33. Rc1+ Kb7
34. Rxd4 Rxd4 35. Qc2 Qd6 36. Qc8+ Kb6 37. Qc2 Rc4 38. Qb2 h6 39. Re1 g5 40.
Qe2 Rc3 41. Ra1 Qd3 42. Qb2 f4 43. Re1 Kc6 44. Rc1 Rxc1+ 45. Qxc1+ Qc4 46. Qd2
Qd3 47. Qc1+ Qc4 48. Qd2 Qd3 49. Qc1+ Kd7 50. Qc5 e3 51. fxe3 fxe3 52. Qa7+ Kd8
53. Qb6+ Ke7 54. Qc5+ Ke6 55. Qc6+ Ke5 56. Qc5+ Ke4 57. Qc6+ Qd5 58. Qe8+ Kd3
59. Qg6+ Kd2 60. Qb1 e2 61. Qb2+ Ke3 62. Qc3+ Qd3 63. Qe5+ Qe4 64. Qc3+ Qd3 65.
Qe5+ Kd2 66. Qb2+ Qc2 67. Qd4+ Kc1 68. Qe3+ Qd2 69. Qc5+ Kd1 0-1

[Event "Championnat de France des Jeunes - Cadet"]
[Site "LE GRAND BORNAND"]
[Date "2007.04.08"]
[Round "1.4"]
[White "Le Bail, Clara"]
[Black "Riquebon, Nathalie"]
[Result "1-0"]
[WhiteElo "1933"]
[BlackElo "1767"]
[PlyCount "65"]

1. c4 e6 2. Nc3 d5 3. e3 c6 4. b3 Bd6 5. Bb2 Nf6 6. Nf3 O-O 7. Be2 Nbd7 8. O-O
Nc5 9. d3 a5 10. Qc2 Qe7 11. Rfe1 Bd7 12. Rad1 Rac8 13. d4 Nce4 14. c5 Bc7 15.
Na4 Ng4 16. Rf1 f5 17. Bd3 Rf6 18. h3 Rh6 19. Bxe4 fxe4 20. Ne5 Nxe5 21. dxe5
Qg5 22. f4 exf3 23. Rxf3 Bxe5 24. Nb6 Rd8 25. Nxd7 Rxd7 26. Rdf1 Rf6 27. Bxe5
Qxe5 28. Qd2 Rxf3 29. Rxf3 Qc7 30. Qd4 e5 31. Qg4 Qd8 32. Qe6+ Kh8 33. Qxd7 1-0

[Event "Championnat de France des Jeunes - Cadet"]
[Site "LE GRAND BORNAND"]
[Date "2007.04.09"]
[Round "1.5"]
[White "Tchougourian, Anait"]
[Black "Ezanno, Morgane"]
[Result "0-1"]
[WhiteElo "1720"]
[BlackElo "1914"]
[PlyCount "132"]

1. e4 c5 2. Nf3 d6 3. d4 cxd4 4. Nxd4 Nf6 5. Nc3 g6 6. Be3 Bg7 7. Bc4 O-O 8.
Qd2 Ng4 9. O-O-O Nxe3 10. Qxe3 Nc6 11. Nxc6 bxc6 12. f4 Qa5 13. h3 Rb8 14. Bb3
Bb7 15. g4 c5 16. f5 Rfc8 17. Bc4 Qb4 18. Be2 Bc6 19. Rd3 Qxb2+ 20. Kd2 Bxc3+
21. Rxc3 Qxa2 22. Bc4 Qa5 23. fxg6 hxg6 24. Qh6 Rf8 25. Qxg6+ Kh8 26. Qh6+ Kg8
27. Qg6+ Kh8 28. Bxf7 Bxe4 29. Qh6+ Bh7 30. Bg6 Rf2+ 31. Kd3 Qa6+ 32. Rc4 Rf3+
33. Ke4 Qxc4+ 34. Kxf3 Qc3+ 35. Bd3 Qg7 36. Qxg7+ Kxg7 37. Bxh7 Kxh7 38. h4 a5
39. g5 Kg6 40. c3 a4 41. Kf4 a3 42. h5+ Kh7 43. g6+ Kh6 44. Ra1 Ra8 45. Kf5 e5
46. Kf6 e4 47. g7 Kh7 48. h6 d5 49. Kf7 Ra7+ 50. Kf6 e3 51. Rg1 Ra8 52. Kf7 a2
53. c4 Ra7+ 54. Kf8 Ra8+ 55. Kf7 d4 56. Ra1 Ra7+ 57. Kf8 Ra8+ 58. Kf7 Kxh6 59.
g8=Q Rxg8 60. Kxg8 e2 61. Kf7 Kg5 62. Ke6 d3 63. Kd5 Kf6 64. Kxc5 d2 65. Rxa2
e1=Q 66. Ra6+ Kf5 0-1

[Event "Championnat de France des Jeunes - Cadet"]
[Site "LE GRAND BORNAND"]
[Date "2007.04.09"]
[Round "1.6"]
[White "Rossinot, Helene"]
[Black "Josse, Anais"]
[Result "1-0"]
[WhiteElo "1880"]
[BlackElo "1700"]
[PlyCount "61"]

1. d4 Nf6 2. Nf3 g6 3. c4 Bg7 4. Nc3 d5 5. Bf4 b6 6. e3 O-O 7. Bd3 Bb7 8. cxd5
Nxd5 9. Nxd5 Bxd5 10. O-O Nd7 11. Rc1 c5 12. Be2 Bb7 13. Qb3 e6 14. Rfd1 Qe7
15. Qa3 Rfe8 16. dxc5 Nxc5 17. Bd6 Qf6 18. Bxc5 bxc5 19. Rxc5 Bf8 20. Qc3 e5
21. Rc7 Rab8 22. Rdd7 Bxf3 23. Bxf3 Bb4 24. Qc4 Re7 25. Rxa7 Rxd7 26. Rxd7 Be7
27. b3 Rb4 28. Qc6 Qg5 29. Qc7 e4 30. Be2 Qf6 31. Rxe7 1-0

[Event "Championnat de France des Jeunes - Cadet"]
[Site "LE GRAND BORNAND"]
[Date "2007.04.08"]
[Round "1.7"]
[White "Des Bouillons, Pauline"]
[Black "Guyon, Cyndie"]
[Result "1-0"]
[WhiteElo "1618"]
[BlackElo "1872"]
[PlyCount "81"]

1. e4 e6 2. d4 d5 3. e5 c5 4. c3 Nc6 5. Nf3 Qb6 6. a3 cxd4 7. cxd4 Nge7 8. b4
Nf5 9. Be3 Be7 10. Nc3 O-O 11. Na4 Qd8 12. Rc1 Bd7 13. Nc5 Rb8 14. Qd2 Nxe3 15.
fxe3 Be8 16. Bd3 Bxc5 17. Rxc5 f6 18. exf6 Rxf6 19. O-O Bh5 20. Be2 Qd6 21.
Rfc1 Rh6 22. h3 Rf8 23. b5 Bxf3 24. Bxf3 Ne7 25. Rc7 Rhf6 26. Rxb7 Rc8 27. Rxa7
Rff8 28. Ra6 Qd7 29. Bg4 Rxc1+ 30. Qxc1 Qxb5 31. Rxe6 Nf5 32. Re5 Ng3 33. Kh2
Nf1+ 34. Kg1 Ng3 35. Qc5 Qb1+ 36. Kh2 Nf1+ 37. Kg1 Nxe3+ 38. Kh2 Nf1+ 39. Kg1
Qd3 40. Be6+ Kh8 41. Qxf8# 1-0

[Event "Championnat de France des Jeunes - Cadet"]
[Site "LE GRAND BORNAND"]
[Date "2007.04.08"]
[Round "1.8"]
[White "Weigel, Marie"]
[Black "Mallard, Ophelie"]
[Result "1-0"]
[WhiteElo "1863"]
[BlackElo "1610"]
[PlyCount "69"]

1. d4 Nf6 2. g3 e6 3. Bg2 d5 4. Nf3 c5 5. O-O Qb6 6. Nbd2 Nc6 7. dxc5 Bxc5 8.
c4 O-O 9. cxd5 Nxd5 10. Nb3 Be7 11. Nfd4 Rd8 12. e4 Nf6 13. Be3 e5 14. Nxc6
Qxc6 15. Qe2 Be6 16. Rac1 Qa4 17. Nc5 Bxc5 18. b3 Bg4 19. Qc2 Qa5 20. Bxc5 Rac8
21. b4 Qa6 22. Qb2 Qe6 23. a3 b6 24. Be3 Rxc1 25. Rxc1 Bh3 26. f3 Bxg2 27. Kxg2
Nd7 28. Rc7 a6 29. Qc2 Nf8 30. a4 Qd6 31. b5 axb5 32. axb5 Qb4 33. Qc4 Qb2+ 34.
Kh3 Rd1 35. Qxf7+ 1-0

[Event "Championnat de France des Jeunes - Cadet"]
[Site "LE GRAND BORNAND"]
[Date "2007.04.08"]
[Round "1.9"]
[White "Bartolo, Alexia"]
[Black "Perrusset, Barbara"]
[Result "0-1"]
[WhiteElo "1450"]
[BlackElo "1859"]
[PlyCount "54"]

1. e4 c5 2. Nf3 e6 3. c3 Nf6 4. d3 Be7 5. Bf4 O-O 6. Nbd2 b6 7. d4 cxd4 8. cxd4
Bb7 9. Bd3 Nc6 10. O-O d6 11. Bg3 Nh5 12. Qe2 Nxg3 13. fxg3 Nb4 14. Bc4 d5 15.
exd5 Bxd5 16. Bxd5 Qxd5 17. Qc4 Qxc4 18. Nxc4 Rac8 19. Ne3 Nc2 20. Nxc2 Rxc2
21. Rf2 Rxf2 22. Kxf2 Rc8 23. Rd1 Bf6 24. Rd3 Rc2+ 25. Rd2 Rxd2+ 26. Nxd2 Bxd4+
27. Kf3 Bxb2 0-1

[Event "Championnat de France des Jeunes - Minimes"]
[Site "LE GRAND BORNAND"]
[Date "2007.04.08"]
[Round "1.1"]
[White "Saatdjian, Thomas"]
[Black "Jardine, Ludovic"]
[Result "1-0"]
[WhiteElo "2229"]
[BlackElo "1895"]
[Annotator ""]

1. Nf3 Nf6 2. c4 c5 3. Nc3 Nc6 4. e3 g6 5. d4 cxd4 6. exd4 d5 7. Bg5
Be6 8. Be2 Bg7 9. c5 O-O 10. O-O Ne4 11. Be3 Bg4 12. h3 Bf5 13. Qb3
Nxc3 14. Qxc3 Qc7 15. Rfd1 e5 16. dxe5 Nxe5 17. Nxe5 Bxe5 18. Bd4 Rfe8
19. Bf1 Rac8 20. Bxe5 Rxe5 21. Qd4 Re4 22. Qxd5 Qxc5 23. Qd2 Ree8 24.
Rac1 Qb6 25. b3 Red8 26. Rxc8 Rxc8 27. Bc4 Qc6 28. Qb4 b6 29. Qe7 Rc7
30. Rd8+ Kg7 31. Qf8+ 1-0

[Event "Championnat de France des Jeunes - Minim"]
[Site "LE GRAND BORNAND"]
[Date "2007.04.08"]
[Round "1.2"]
[White "Saglier, Paul"]
[Black "Demuth, Adrien"]
[Result "0-1"]
[WhiteElo "1894"]
[BlackElo "2174"]
[PlyCount "34"]

1. e4 e5 2. Nf3 Nc6 3. Bb5 a6 4. Ba4 Nf6 5. O-O Be7 6. Re1 b5 7. Bb3 O-O 8. c3
d5 9. exd5 Nxd5 10. Nxe5 Nxe5 11. Rxe5 c6 12. d4 Bd6 13. Re1 Qh4 14. g3 Qh3 15.
Re4 g5 16. Qd3 Bf5 17. f3 Bxg3 0-1

[Event "Championnat de France des Jeunes - Minim"]
[Site "LE GRAND BORNAND"]
[Date "2007.04.08"]
[Round "1.3"]
[White "Charmeteau, Sven"]
[Black "Feryn, Alexandre"]
[Result "1-0"]
[WhiteElo "2149"]
[BlackElo "1893"]
[PlyCount "89"]

1. e4 c5 2. Nc3 e6 3. Nf3 a6 4. d4 cxd4 5. Nxd4 Qc7 6. Bd3 Nf6 7. O-O Bc5 8.
Nb3 Be7 9. Be3 d6 10. a4 b6 11. f4 Nbd7 12. g4 Nc5 13. f5 h5 14. Nxc5 dxc5 15.
Bf4 e5 16. Bg5 Bb7 17. Bxf6 Bxf6 18. Bc4 hxg4 19. Qxg4 Rh4 20. Qg3 O-O-O 21.
Bd5 Rh5 22. Qd3 Rdh8 23. Rf2 Rh3 24. Qd2 R8h5 25. Rg2 Qe7 26. Rd1 Rf3 27. Bxb7+
Kxb7 28. Qd5+ Kc7 29. Qa8 Rxc3 30. bxc3 Bg5 31. Qa7+ Kc6 32. Qxe7 Bxe7 33. Rxg7
Rg5+ 34. Rxg5 Bxg5 35. c4 b5 36. cxb5+ axb5 37. a5 c4 38. Kf2 b4 39. Ra1 Be7
40. a6 Bc5+ 41. Ke2 b3 42. cxb3 cxb3 43. Rb1 Kb6 44. Rxb3+ Kxa6 45. h4 1-0

[Event "Championnat de France des Jeunes - Minim"]
[Site "LE GRAND BORNAND"]
[Date "2007.04.08"]
[Round "1.4"]
[White "Husser, Mickael"]
[Black "Blum, Nicolas"]
[Result "1/2-1/2"]
[WhiteElo "1890"]
[BlackElo "2124"]
[PlyCount "87"]

1. c4 e5 2. Nc3 Nf6 3. Nf3 Nc6 4. d4 exd4 5. Nxd4 Bb4 6. g3 O-O 7. Bg2 Re8 8.
O-O Bxc3 9. bxc3 Ne5 10. Qb3 Rb8 11. Bg5 h6 12. Bxf6 Qxf6 13. f4 Ng4 14. e4 Ne3
15. Rfe1 Nxg2 16. Kxg2 b6 17. Kg1 Bb7 18. e5 Qg6 19. Qb1 Qg4 20. Qd1 Qh3 21.
Qc2 a6 22. Rad1 Rbd8 23. a4 Qg4 24. Qf5 Qxf5 25. Nxf5 a5 26. Nd4 Ba6 27. Nb5
Bxb5 28. cxb5 Kf8 29. Kf2 Re6 30. c4 d6 31. f5 Ree8 32. exd6 Rxe1 33. Kxe1 cxd6
34. Kf2 Ke7 35. Kf3 Kd7 36. Rd4 Re8 37. Re4 Rc8 38. g4 Rc5 39. Ke3 d5 40. cxd5
Rxd5 41. Rd4 Kd6 42. Re4 Rc5 43. Rd4+ Rd5 44. Rc4 1/2-1/2

[Event "Championnat de France des Jeunes - Minim"]
[Site "LE GRAND BORNAND"]
[Date "2007.04.08"]
[Round "1.5"]
[White "Ollier, Pablo"]
[Black "Chanel, Virgile"]
[Result "1-0"]
[WhiteElo "2124"]
[BlackElo "1886"]
[PlyCount "107"]

1. d4 Nf6 2. c4 g6 3. Nc3 Bg7 4. e4 d6 5. Nf3 Nbd7 6. Be2 e5 7. O-O O-O 8. Re1
Re8 9. Bf1 h6 10. Rb1 c6 11. b3 Qc7 12. Ba3 g5 13. h3 Nf8 14. dxe5 dxe5 15. Bd6
Qa5 16. b4 Qd8 17. c5 Ng6 18. Bc4 Be6 19. Qb3 Bxc4 20. Qxc4 Bf8 21. Bxf8 Kxf8
22. Nd1 g4 23. hxg4 Nxg4 24. Ne3 Nxe3 25. Rxe3 Qf6 26. Rd1 Rad8 27. Red3 Rxd3
28. Qxd3 Nf4 29. Qd6+ Qxd6 30. Rxd6 Ng6 31. Nd2 Ke7 32. Nc4 f6 33. Ne3 Nh4 34.
Kf1 Rf8 35. g3 Nf3 36. Nf5+ Ke8 37. Re6+ Kd8 38. Re7 Nd2+ 39. Ke1 Nxe4 40. Rxb7
Kc8 41. Rxa7 Kb8 42. Rh7 Rd8 43. Ne7 Kb7 44. f3 Ng5 45. Rxh6 Nxf3+ 46. Kf2 Nd4
47. Rxf6 Ra8 48. Ke3 Nc2+ 49. Kd3 Nxb4+ 50. Kc4 Nxa2 51. Rxc6 Re8 52. Rb6+ Kc7
53. Nd5+ Kc8 54. Rb2 1-0

[Event "Championnat de France des Jeunes - Minim"]
[Site "LE GRAND BORNAND"]
[Date "2007.04.08"]
[Round "1.6"]
[White "Castro, John"]
[Black "Ludwig, Remi"]
[Result "1/2-1/2"]
[WhiteElo "1883"]
[BlackElo "2097"]
[PlyCount "89"]

1. e4 e6 2. d4 d5 3. e5 c5 4. c3 Qb6 5. Nf3 Nc6 6. a3 c4 7. g3 Bd7 8. Bh3 Na5
9. Nbd2 Ne7 10. O-O Qc7 11. Nh4 Ng6 12. Qh5 Nxh4 13. Qxh4 Be7 14. Qg4 g5 15.
Qh5 h6 16. f4 gxf4 17. Rxf4 Rh7 18. Nf3 Nb3 19. Rb1 Nxc1 20. Rxc1 O-O-O 21.
Rxf7 Be8 22. Qg6 Bxf7 23. Qxh7 Rf8 24. Rf1 Bg8 25. Qxh6 Qb6 26. Qd2 Kd7 27. Ng5
Rxf1+ 28. Bxf1 Qb3 29. h4 Qa2 30. Qc1 a5 31. h5 Bf8 32. Nf3 Bh7 33. g4 Be4 34.
Bg2 b5 35. g5 b4 36. axb4 axb4 37. cxb4 Qb3 38. Kf2 Bxb4 39. g6 Bf8 40. Qc3
Qxc3 41. bxc3 Bxf3 42. Bxf3 Bh6 43. Ke2 Ke7 44. Bg4 Bg7 45. Kd2 1/2-1/2

[Event "Championnat de France des Jeunes - Minim"]
[Site "LE GRAND BORNAND"]
[Date "2007.04.08"]
[Round "1.7"]
[White "Massoni, Michael"]
[Black "Villegas, Pierre"]
[Result "1-0"]
[WhiteElo "2077"]
[BlackElo "1881"]
[PlyCount "101"]

1. e4 c6 2. d4 d5 3. exd5 cxd5 4. Bd3 Nc6 5. Nf3 Bg4 6. c3 e6 7. Bf4 Bd6 8.
Bxd6 Qxd6 9. Nbd2 Nf6 10. O-O O-O 11. Qb3 b6 12. Rae1 Nd7 13. h3 Bh5 14. Qc2
Bg6 15. Bxg6 hxg6 16. Re2 b5 17. Rfe1 Rac8 18. h4 Rc7 19. h5 gxh5 20. Ng5 Nf6
21. Qd3 Rb8 22. Nb3 Qf4 23. Nh3 Qh6 24. Nc5 Re7 25. b4 Nd7 26. Qg3 Nxc5 27.
bxc5 Rd7 28. a3 Qf6 29. Nf4 h4 30. Qg4 Ne7 31. Nh5 Qg6 32. Qxh4 Nf5 33. Qf4
Rdb7 34. Ng3 Nxg3 35. fxg3 Qd3 36. Re3 Qc4 37. g4 Qa2 38. Rf3 Rc8 39. g5 Qc2
40. Rh3 Rbc7 41. Qh4 Kf8 42. Qh8+ Ke7 43. Qxg7 Rf8 44. Rhe3 Rc6 45. Qf6+ Ke8
46. Qe5 Kd7 47. Qg7 Ke7 48. Qf6+ Ke8 49. g6 Qxg6 50. Rxe6+ Rxe6 51. Rxe6+ 1-0

[Event "Championnat de France des Jeunes - Minim"]
[Site "LE GRAND BORNAND"]
[Date "2007.04.08"]
[Round "1.8"]
[White "Muratet, Lucas"]
[Black "Tachikart, Yassin"]
[Result "0-1"]
[WhiteElo "1879"]
[BlackElo "2074"]
[PlyCount "80"]

1. e4 e5 2. Bc4 Nf6 3. d3 c6 4. Nf3 d5 5. exd5 cxd5 6. Bb5+ Bd7 7. Bxd7+ Nbxd7
8. O-O Bd6 9. Re1 O-O 10. c4 d4 11. Bg5 Qc7 12. Nbd2 Rfe8 13. Rc1 a5 14. b3 Bb4
15. Bxf6 Nxf6 16. Re2 Nd7 17. Qc2 Ra6 18. Nxd4 Rg6 19. Nb5 Qc6 20. g3 h5 21. d4
h4 22. d5 Qb6 23. Nf1 hxg3 24. hxg3 Nf6 25. Ne3 Bc5 26. Kf1 Bxe3 27. Rxe3 Ng4
28. Re2 Rf6 29. Kg1 Rf3 30. Kg2 Rxf2+ 31. Kh3 Rxe2 32. Qxe2 Qh6+ 33. Kxg4 Qxc1
34. d6 Qh6 35. Qe4 g6 36. Kf3 Re6 37. d7 Qh1+ 38. Ke3 Qe1+ 39. Kd3 Qd1+ 40. Kc3
Qxd7 0-1

[Event "Championnat de France des Jeunes - Minim"]
[Site "LE GRAND BORNAND"]
[Date "2007.04.08"]
[Round "1.9"]
[White "Sochacki, Wojtek"]
[Black "Casier, Remi"]
[Result "1-0"]
[WhiteElo "2068"]
[BlackElo "1867"]
[PlyCount "119"]

1. e4 c5 2. Nf3 d6 3. d4 cxd4 4. Qxd4 a6 5. c4 Nc6 6. Qd2 Nf6 7. Nc3 g6 8. Be2
Bg7 9. O-O O-O 10. Rb1 Bd7 11. h3 Rc8 12. b3 Qc7 13. Bb2 Rfd8 14. Qe3 e5 15.
Rbc1 Ne7 16. Nd2 Qc5 17. Qd3 Ne8 18. Rfd1 f5 19. Nf1 Bh6 20. Ra1 Bc6 21. Bc1
Bxc1 22. Raxc1 Nf6 23. Bf3 Kg7 24. Ng3 f4 25. Nf1 Qb6 26. Bg4 Nxg4 27. hxg4 Bd7
28. Nh2 Be6 29. Nd5 Nxd5 30. exd5 Bd7 31. Qd2 Rh8 32. Re1 h5 33. g5 Qd8 34. Qb4
Qc7 35. Nf3 Bg4 36. Nd2 Bf5 37. Qc3 h4 38. c5 h3 39. g3 fxg3 40. Qxg3 h2+ 41.
Kh1 Rh3 42. Qg2 dxc5 43. Nc4 e4 44. Ne3 Rf3 45. Qf1 Qf4 46. Re2 Qxg5 47. d6 Bh3
48. Qe1 Rd8 49. Rd1 Rdf8 50. d7 Rd8 51. Qc3+ Kh7 52. Qe1 Rxd7 53. Rxd7+ Bxd7
54. Rd2 Be6 55. Re2 b6 56. Rd2 Bh3 57. Rc2 Rf6 58. f4 exf3 59. Rxh2 Qh5 60. Nd1
{temps} 1-0

[Event "Championnat de France des Jeunes - Minim"]
[Site "LE GRAND BORNAND"]
[Date "2007.04.08"]
[Round "1.10"]
[White "Pignone, Maxence"]
[Black "Li, Frederic"]
[Result "1/2-1/2"]
[WhiteElo "1860"]
[BlackElo "2067"]
[PlyCount "56"]

1. e4 g6 2. d4 d6 3. Nf3 Nf6 4. Nc3 c6 5. Be3 b5 6. a3 Bg7 7. Qd2 Ng4 8. Bf4 e5
9. dxe5 dxe5 10. Qxd8+ Kxd8 11. Bg3 f6 12. Be2 Be6 13. Nd2 Nd7 14. Nb3 h5 15.
h3 Nh6 16. O-O-O Ke7 17. Na5 Rac8 18. f3 Nf7 19. Bf2 Nd6 20. Bxa7 Bh6+ 21. Kb1
Rc7 22. Bf2 Ra8 23. Nb3 Nc4 24. Bxc4 Bxc4 25. Nc5 Nf8 26. Na2 Be2 27. Rde1 Bc4
28. Rd1 Be2 1/2-1/2

[Event "Championnat de France des Jeunes - Minim"]
[Site "LE GRAND BORNAND"]
[Date "2007.04.08"]
[Round "1.11"]
[White "Stephan, Victor"]
[Black "Bacon, Flavien"]
[Result "1-0"]
[WhiteElo "2064"]
[BlackElo "1850"]
[PlyCount "99"]

1. d4 Nf6 2. c4 c5 3. d5 b5 4. Nf3 g6 5. Qc2 Bg7 6. e4 d6 7. cxb5 a6 8. Nc3 O-O
9. Bc4 axb5 10. Bxb5 Ba6 11. O-O Qb6 12. a4 Nfd7 13. Bxa6 Nxa6 14. Nb5 Nc7 15.
Nxc7 Qxc7 16. Bd2 Rfb8 17. Bc3 Bxc3 18. bxc3 Ra5 19. Nd2 c4 20. Rfb1 Rxb1+ 21.
Rxb1 Nb6 22. Rb4 Kg7 23. h3 Ra6 24. Nxc4 Nd7 25. Nb2 Qa7 26. Qd3 Nc5 27. Qd4+
f6 28. Kh2 Rb6 29. Rxb6 Qxb6 30. Nd3 Qc7 31. Qc4 Ne6 32. Qxc7 Nxc7 33. Kg3 Kf7
34. Kf4 e5+ 35. Ke3 Ke7 36. Nb4 Kd7 37. Kd3 Kc8 38. g4 Kb7 39. a5 Na6 40. Nxa6
Kxa6 41. Kc4 Kxa5 42. Kb3 Kb5 43. c4+ Kc5 44. Kc3 g5 45. f3 h6 46. Kb3 Kd4 47.
Kb4 Ke3 48. c5 dxc5+ 49. Kxc5 Kxf3 50. d6 1-0

[Event "Championnat de France des Jeunes - Minim"]
[Site "LE GRAND BORNAND"]
[Date "2007.04.08"]
[Round "1.12"]
[White "Iellatchitcha, Alexandre"]
[Black "Charrais, Kevin"]
[Result "1-0"]
[WhiteElo "2055"]
[BlackElo "1840"]
[PlyCount "91"]
[EventDate "2007.??.??"]

1. d4 d5 2. c4 c6 3. Nc3 Nf6 4. e3 e6 5. Nf3 Nbd7 6. Qc2 Be7 7. Bd3 b6 8. O-O
Bb7 9. Rd1 Bd6 10. e4 dxe4 11. Nxe4 Nxe4 12. Bxe4 Nf6 13. Bg5 h6 14. Bh4 g5 15.
Bg3 Nxe4 16. Qxe4 Bxg3 17. hxg3 Qe7 18. Re1 O-O-O 19. Qe3 g4 20. Ne5 h5 21. Qf4
Rh7 22. d5 cxd5 23. Rac1 Qd6 24. cxd5+ Kb8 25. dxe6 fxe6 26. Rcd1 Bd5 27. Nc6+
Kb7 28. Nxd8+ Qxd8 29. Rxe6 Rd7 30. Re5 Bc6 31. Rxd7+ Qxd7 32. Qe3 Qd1+ 33. Qe1
Qd4 34. Re7+ Ka6 35. Qe2+ b5 36. Qe3 Qd1+ 37. Kh2 b4 38. Qxa7+ Kb5 39. Re5+ Bd5
40. Qe3 Kc6 41. Qh6+ Kc5 42. Qxh5 Qd2 43. Qg5 Qd1 44. Rxd5+ Qxd5 45. Qxd5+ Kxd5
46. f4 1-0

[Event "Championnat de France des Jeunes - Minim"]
[Site "LE GRAND BORNAND"]
[Date "2007.04.08"]
[Round "1.14"]
[White "Chahbazian, Tigran"]
[Black "Lograda, Alexis"]
[Result "0-1"]
[WhiteElo "1836"]
[BlackElo "2052"]
[PlyCount "104"]

1. d4 Nf6 2. c4 e6 3. Nc3 Bb4 4. Bd2 O-O 5. e3 b6 6. Nf3 Bb7 7. Be2 d6 8. O-O
Nbd7 9. Rc1 Bxc3 10. Bxc3 Ne4 11. Nd2 Nxd2 12. Qxd2 f5 13. f3 Qe7 14. Bd3 e5
15. d5 a5 16. f4 e4 17. Be2 Nf6 18. Qe1 a4 19. Qh4 Nxd5 20. Qxe7 Nxe7 21. g4
Bc8 22. Kf2 fxg4 23. Bxg4 Bxg4 24. Rg1 Rf7 25. Rxg4 Raf8 26. Rcg1 g6 27. Rg5
Rf5 28. h4 Rxg5 29. hxg5 Nf5 30. Rd1 Kf7 31. Rh1 Kg8 32. Rd1 Rb8 33. Bd4 Ra8
34. Bc3 Ra7 35. Bb4 c6 36. Ke2 Rd7 37. b3 c5 38. Bc3 axb3 39. axb3 Ra7 40. Ra1
Rxa1 41. Bxa1 Kf7 42. Bf6 Ke8 43. Kd2 Kd7 44. Bb2 Kc6 45. Bc1 b5 46. Kc3 d5 47.
cxb5+ Kxb5 48. Bd2 d4+ 49. exd4 cxd4+ 50. Kc2 Nh4 51. Be1 Nf3 52. Bg3 Kb4 0-1

[Event "Championnat de France des Jeunes - Minim"]
[Site "LE GRAND BORNAND"]
[Date "2007.04.08"]
[Round "1.15"]
[White "Gabard, Alexandre"]
[Black "Marchandon, Dorian"]
[Result "1-0"]
[WhiteElo "2041"]
[BlackElo "1830"]
[PlyCount "131"]

1. e4 e5 2. Nf3 Nc6 3. d4 exd4 4. Bc4 d6 5. Nxd4 Nf6 6. O-O Be7 7. Nc3 Bg4 8.
f3 Bd7 9. Bf4 O-O 10. Nce2 Re8 11. c3 Na5 12. Bd3 Nc6 13. Nxc6 bxc6 14. Bc4 Rb8
15. b4 d5 16. exd5 cxd5 17. Bb3 Bb5 18. Re1 Bd6 19. Bxd6 Qxd6 20. Nd4 Qb6 21.
a4 Bd7 22. a5 Qd6 23. Qd2 h6 24. Rxe8+ Rxe8 25. Re1 Rxe1+ 26. Qxe1 Kf8 27. Bc2
Qe7 28. Qxe7+ Kxe7 29. Bf5 Bxf5 30. Nxf5+ Kf8 31. Nd4 Ke8 32. Nc6 Kd7 33. b5
Kd6 34. Nxa7 Kc5 35. Kf2 Ne8 36. a6 Nd6 37. Nc6 Kb6 38. Nd4 c6 39. bxc6 Kxa6
40. Kg3 Kb6 41. Kf4 f6 42. h4 Nc4 43. c7 Kxc7 44. Ne6+ Kd6 45. Nxg7 Na3 46.
Nf5+ Ke6 47. Nd4+ Kf7 48. Nf5 Nb5 49. Nxh6+ Kg6 50. Nf5 Nxc3 51. Nd4 Nd1 52. g4
Nf2 53. h5+ Kf7 54. Kf5 Nh3 55. f4 Nf2 56. g5 fxg5 57. fxg5 Ne4 58. g6+ Kg8 59.
h6 Nd6+ 60. Ke6 Ne8 61. h7+ Kh8 62. Nf5 Ng7+ 63. Nxg7 Kxg7 64. Kxd5 Kh8 65. Ke6
Kg7 66. h8=Q+ 1-0